000
00399nam a22001697a 4500
003
MPLRDC
005
20220104123950.0
008
210129b ||||| |||| 00| 0 eng d
082
_a
173.2 TRA
100
_a
F.TRACY 著; 汤子庸译
245
_a
青春期心理学
_c
250
_a
三版
260
_a
_b
台湾商务印书馆
_c
1969
300
_b
平
650
_a
942
_c
BK
_o
173.2 TRA
999
_c
15589
_d
15579